000 00552nam a2200205Ia 4500
005 20260429112128.0
008 260429s9999||||xx |||||||||||||| ||und||
020 _a9789391985547
041 _aEnglish
082 _a294.385
_bDAS
100 _aDas, Sanjith Kumar
245 0 _aIntroduction to Mahayana Buddhist texts /
_cSanjith Kumar Das
250 _a1st ed.
260 _aDelhi :
_bBuddhist World Press,
_c2024.
300 _aviii, 246 p.; hb
650 _a Buddhist literature
650 _a Mahayana
650 _aBuddhism
942 _cTB
999 _c52496
_d52496